Movies by Facepaint Quiz Stats

 Plays Quiz Updated Dec 18, 2018

Support Sporcle.
Go Orange.
Score 0/25 Timer 08:00
3 Plays Today
Column Movie % Correct
Column 1Black Swan
93.5%
Column 1Braveheart
93%
Column 3Avatar
91.9%
Column 4The Dark Knight
87%
Column 1Zoolander
86.1%
Column 5Star Wars Episode I: The Phantom Menace
77.4%
Column 1The Hunger Games
63.5%
Column 2The Rocky Horror Picture Show
62%
Column 2Blades of Glory
61.3%
Column 5Predator
52.2%
Column 2The Crow
46.8%
Column 3Tropic Thunder
38.6%
Column 1Dances with Wolves
33.3%
Column Movie % Correct
Column 4The Karate Kid
27.8%
Column 2Blazing Saddles
25.7%
Column 2Apocalypse Now
25.6%
Column 4Scott Pilgrim vs the World
23.2%
Column 4Kick-Ass
22%
Column 3King Arthur
22%
Column 3Funny Farm
21.6%
Column 3Blade Runner
18.5%
Column 2The Warriors
17.4%
Column 1The Devil's Rejects
14.8%
Column 5Live and Let Die
13.4%
Column 5I Now Pronounce You Chuck & Larry
11.6%

You're not logged in!

Compare scores with friends on all Sporcle quizzes.
OR
Log In
Forgot?

From the Vault

Star Trek Blitz

by needapausebutton

Live long and _____.
Remove Ads.
Support Sporcle.
Get the best of Sporcle when you Go Orange. This ad-free experience offers more features, more stats, and more fun while also helping to support Sporcle. Thank you for becoming a member.

Show Comments

Extras

Top Quizzes Today


Score Distribution

Your Account Isn't Verified!

In order to create a playlist on Sporcle, you need to verify the email address you used during registration. Go to your Sporcle Settings to finish the process.

Report this User

Report this user for behavior that violates our Community Guidelines.

Details: